000
00297nam a2200145Ia 4500
100
_a
Sadasivam/Sudha G
650
_a
Compilers
942
_c
BK
366
_f
25
245
_a
Compiler Design
260
_b
Sci tech
_c
2010
082
_a
5.453
_b
SAD
546
_a
ENGLISH
_c
Computers
999
_c
18355
_d
18355